| 000 | 00776nam a2200217Ia 4500 | ||
|---|---|---|---|
| 999 |
_c40138 _d40138 |
||
| 001 | 6744 | ||
| 003 | GE_BSU | ||
| 005 | 20191224120144.0 | ||
| 008 | 181216s1970||||ge |||||||||||||| ||geo|| | ||
| 040 | _cGE_BSU | ||
| 041 | _ageo | ||
| 080 | _a821.353.1-1 გ-44 | ||
| 100 |
_aგვარიშვილი, ნანა. _95921 |
||
| 245 |
_aზღვა და ქარი : _bლექსები / _cნანა გვარიშვილი ; რედ. მ. ქოიავა. |
||
| 264 |
_aთბილისი : _bმერანი, _c1970. |
||
| 300 |
_a98 გვ. ; _c17 სმ. |
||
| 653 | _aზღვა და ქარი | ||
| 653 | _aლექსები | ||
| 700 |
_aქოიავა, მ. _eრედაქტორი _94864 |
||
| 942 |
_cBK _2udc |
||